La historia de vida como método clínico

En la búsqueda de una especificidad de la "historia de la vida", encontramos múltiples afirmaciones relativamente divergentes, ya sea porque se propone considerar "la historia de la vida" como una técnica relativamente poderosa, próxima a la entrevista semi-dirigida, o bien porque se la considera co...

Full description

Bibliographic Details
Main Author: Villers, Guy de
Format: Analitica de revista
Language:Spanish
Published: Santiago, Chile SUR 1999
Subjects:

MARC

LEADER 00000cab a2200000 a 4500
001 037882
003 UAHC_CL
005 20180115132048.0
008 140120s1999 cl 000 spa
952 |0 0  |1 0  |4 0  |6 PROPOSICIONES_29_99_000000000000000  |7 0  |8 COMP  |9 71898  |a BC  |b BC  |c COMP  |d 2017-08-03  |l 0  |o PROPOSICIONES-29/99  |r 2017-08-03 00:00:00  |t 1  |w 2017-08-03  |y REVA 
999 |c 37882  |d 37882 
040 |a UAHC_CL  |c UAHC_CL  |d UAHC_CL 
100 1 |a Villers, Guy de 
245 1 3 |a La historia de vida como método clínico   |c Guy de Villers Grand-Champs. 
260 |b SUR  |c 1999  |a Santiago, Chile 
300 |a pp. 103-114 
310 |a Anual. 
362 0 |a Año 1, no. 1 (nov. 2002)- . 
500 |a En: Proposiciones. no. 29, 1999. pp. 103-114. ISSN. 956208051X. 
520 |a En la búsqueda de una especificidad de la "historia de la vida", encontramos múltiples afirmaciones relativamente divergentes, ya sea porque se propone considerar "la historia de la vida" como una técnica relativamente poderosa, próxima a la entrevista semi-dirigida, o bien porque se la considera como un método de investigación o de intervención. 
650 4 |a HISTORIA ORAL 
650 4 |a PSICOLOGIA  |x METODOLOGIA 
900 |a PROPOSICIONES-29/99 
942 |c REVA